Countries in the Portuguese Empire - Statistics

General Stats
  • This quiz has been taken 241 times
    216 since last reset
  • The average score is 39 of 72
Answer Stats
Country % Correct
Brazil
92%
Angola
89%
Mozambique
86%
India
77%
Portugal
76%
Spain
74%
China
73%
Guinea
73%
Indonesia
72%
Uruguay
71%
São Tomé and Príncipe
69%
Morocco
68%
Cape Verde
67%
South Africa
67%
Guinea-Bissau
66%
Timor-Leste
63%
France
62%
Argentina
61%
Equatorial Guinea
61%
Guyana
61%
Namibia
61%
Democratic Republic of the Congo
59%
Senegal
59%
Republic of the Congo
58%
Tanzania
58%
Benin
57%
Japan
57%
Togo
57%
Paraguay
56%
Sri Lanka
55%
Ghana
54%
Malaysia
54%
Pakistan
54%
Somalia
54%
Bolivia
53%
Colombia
53%
Nigeria
53%
Kenya
52%
Peru
52%
The Gambia
51%
Mauritania
50%
Oman
50%
Gabon
49%
Madagascar
49%
Bangladesh
48%
Cameroon
48%
Sierra Leone
48%
Yemen
48%
Zambia
48%
Zimbabwe
48%
Chile
47%
Iran
46%
Mauritius
46%
Thailand
46%
Vietnam
46%
Côte d'Ivoire
45%
Bahrain
44%
Liberia
44%
Myanmar
44%
Malawi
42%
Canada
41%
Eritrea
41%
Qatar
41%
Saudi Arabia
41%
United Arab Emirates
41%
Comoros
40%
Maldives
40%
Singapore
39%
Ethiopia
37%
Iraq
37%
Kuwait
37%
Barbados
18%
No matching quizzes found
Score Distribution
Percent of People with Each Score
Percentile by Number Answered
Your Score History
You have not taken this quiz since the last reset